1384 1203 1292 1443 1125 1308 1258 1176 1080 1679 1516 1240 1639 1476 1409 1357 1635 1220 1545 1112 1367 1673 1672 1436 1117 1704 1450 1108 1317 1551 1099 1519 1469 1661 1403 1685 1194 1395 1206 1619 1945 1957 1266 1485 1650 1310 1945 1483 1569 1427 1918 1741 1469 1977 1967 1999 1918 1306 1019 1768 1828 1418 1908 1185 1045 1447 1724 1073 1324 1869 1645 1201 1823 1747 1298 1512 1593 1898 1832 1977 1695 1839 1612 1612 1962 1225 1348 1170 1934 1014 1432 1358 1457 1525 1339 1165 1926 1453 1917 BCNSPRNW ULIB Ver.6.0+V

เปลี่ยนเป็นภาษาไทย

Change to English
 แสดงรายละเอียดบรรณานุกรม
  กลับหน้าหลัก

Brief Record : Get Marc (ISO 2709) : E-mail record : QR code < ปิดหน้าต่าง
LEADER : 00000nam 2200000uu 4500
001    13399115003
003     ULIB
008    120628s2010||||th 000 0 tha d
020    ^a9789812725967
060 04 ^aQS17^bH249N 2010
100 1  ^aHansen, John T.
245 00 ^aNetter is anatomy coloring book :^bwith student consult./^cHansen, John T.
260    ^aPhiladelphia :^bSaunders,^cc2010
300    ^a1 v. (various pagings) :^bill. ;^c28 cm.
650  0 ^aHuman anatomy^vAtlases
650  2 ^aAnatomy, Regional^vAtlases
650  2 ^aAnatomy^vAtlases
700 1  ^aNetter, Frank H. ^q(Frank Henry),^d1906-1991
945    ^p0^l0^i17776
945    ^p0^l0^i17778
945    ^p0^l0^i17779
945    ^p0^l0^i17777
995    ^aKanchaphon
999 ^a ใช้งานได้ทุกระบบ
รายการนี้ยังไม่มีแท็ก
คุณยังไม่ได้ล็อกอิน คุณสามารถมีกิจกรรมร่วมกับเว็บไซต์ได้ แต่ต้องล็อกอินก่อน ::
  ล็อกอิน

รายการสื่อสารสนเทศ

ลำดับที่ ประเภท เลขเรียก/บาร์โค้ด สถานที่ สถานะ
- ไม่พบข้อมูล -

รายการใกล้เคียง
    ผู้แต่ง [Hansen, John T.]

    หัวเรื่อง [Anatomy Atlases]

BibComment


ยังไม่เคยถูกคอมเมนท์

คอมเมนท์ทรัพยากรรายการนี้
  คอมเมนท์: Netter is anatom..


 Copyright 2026. Bcnsprnw @Library